[Event "Bahrain"]
[Site "Bahrain"]
[Date "1990.??.??"]
[Round "9"]
[White "Nikolac, Juraj"]
[Black "Flear, Glenn C"]
[Result "1/2-1/2"]
[WhiteElo "2485"]
[BlackElo "2470"]

1.Nf3 d5 2.g3 c6 3.Bg2 Bg4 4.d3 Nd7 5.Nbd2 e5 6.O-O Bd6 7.e4 Ne7 8.h3 Bh5
9.Qe2 f6 10.d4 O-O 11.g4 Bf7 12.exd5 Nxd5 13.Nc4 Bc7 14.dxe5 Re8 15.Qd3 Nxe5
16.Ncxe5 Bxe5 17.Nxe5 Rxe5 18.c4 Nc7 19.Qc3 Re7 20.Be3 Rd7 21.b3 Ne6 22.Rfe1 Qc7
23.Rad1 Rad8 24.Rxd7 Rxd7 25.Bf1 c5 26.Bg2 Nf4 27.Bxf4 Qxf4 28.Qf3 Qxf3 29.Bxf3 Kf8
30.Re2 g5 31.Be4 Bg6 32.Bd5 Bf7 33.Be4 Bg6 34.Bd5 Bf7  1/2-1/2

[Event "Balassagyarmat"]
[Site "Balassagyarmat"]
[Date "1990.??.??"]
[Round "1"]
[White "Loginov, Valery A"]
[Black "Meister, Peter"]
[Result "1-0"]
[WhiteElo "2505"]
[BlackElo "2420"]

1.Nf3 d5 2.g3 c6 3.Bg2 Bg4 4.d3 Nf6 5.Nbd2 e6 6.O-O Be7 7.h3 Bh5 8.e4 O-O
9.Qe1 Nbd7 10.Nh2 dxe4 11.dxe4 e5 12.Nc4 Bg6 13.Bd2 b5 14.Ba5 Qb8 15.Nd2 Re8
16.b3 Bd8 17.Bc3 Bb6 18.a4 Bd4 19.Bxd4 exd4 20.axb5 cxb5 21.Ra2 Nc5 22.e5 Rxe5
23.Qa1 Nce4 24.Ndf3 Rd5 25.Nxd4 Qb6 26.Nhf3 b4 27.Ra6 Qc5 28.Rc6 Qf8 29.Re1 Nc3
30.Rc4 Be4 31.Ne2 Nxe2+ 32.Rxe2 Re8 33.Qxa7 Rd1+ 34.Kh2 Bd5 35.Rxe8 Qxe8
36.Rxb4 Qe2 37.Rb8+ Ne8 38.Qe3 Qxe3 39.fxe3 Kf8 40.c4 Be4 41.Ng5 Bxg2 42.Kxg2 Rd2+
43.Kf3 Ke7 44.Rb7+  1-0

[Event "Balassagyarmat"]
[Site "Balassagyarmat"]
[Date "1990.??.??"]
[Round "5"]
[White "Loginov, Valery A"]
[Black "Fominyh, Alexander"]
[Result "1/2-1/2"]
[WhiteElo "2505"]
[BlackElo "2525"]

1.Nf3 d5 2.g3 c6 3.Bg2 Bg4 4.h3 Bh5 5.d3 e6 6.Nbd2 Be7 7.O-O Nf6 8.e4 O-O
9.Qe1 Nbd7 10.Kh1 Ne8 11.Nh2 dxe4 12.dxe4 e5 13.Ng4 Nd6 14.a4 f6 15.Qe2 Bf7
16.b3 Re8 17.Bb2 Bf8 18.Rad1 Qc7 19.f4 exf4 20.gxf4 Bg6 21.e5 Nf5 22.Ne4 fxe5
23.fxe5 Kh8 24.Rxf5 Bxf5 25.Ng5 Nc5 26.Rf1 Qd7 27.Qc4 Be6 28.Rxf8+ Rxf8 29.Qxc5 Qd1+
30.Kh2 Bxg4 31.hxg4 Qxg4  1/2-1/2

[Event "Belgrade-A"]
[Site "Belgrade"]
[Date "1990.??.??"]
[Round "1"]
[White "Kirov, Nino"]
[Black "Ziatdinov, Raset"]
[Result "0-1"]
[WhiteElo "2445"]
[BlackElo "2440"]

1.Nf3 d5 2.g3 Nf6 3.Bg2 Nbd7 4.c4 c6 5.cxd5 cxd5 6.O-O e6 7.Nc3 Bd6 8.d3 b6
9.Nb5 Bb8 10.Bd2 a6 11.Nbd4 Bb7 12.Bb4 Nc5 13.Rc1 Bd6 14.Nb3 Nxd3 15.Bxd6 Nxc1
16.Ba3 Nxb3 17.Qxb3 Rc8 18.Nd4 Nd7 19.Nf5 Nc5 20.Nxg7+ Kd7 21.Qf3 f5 22.Qe3 Qe7
23.Nh5 Rc7 24.Rc1 Rhc8 25.Qe5 a5 26.e4 fxe4 27.Nf6+ Kd8 28.Bxe4 dxe4 29.Qg5 Qg7
30.Qh4 Re7 31.Rd1+ Kc7 32.Nh5 Qf7 33.Qg5 e5 34.Nf6 Rf8 35.Bxc5 bxc5 36.Qe3 Qxf6
37.Qxc5+ Kb8 38.Rd6 Qf7 39.Rb6 Rc7 40.Qe3 Qf3 41.Qd2 Rc1+ 42.Qxc1 Qxf2+ 43.Kh1 Qxb6  0-1

[Event "Belgrade (Women)"]
[Site "Belgrade"]
[Date "1990.??.??"]
[Round "2"]
[White "Gurieli, Nino"]
[Black "Stanciu, Gabriela"]
[Result "1/2-1/2"]
[WhiteElo "2340"]
[BlackElo "2265"]

1.Nf3 d5 2.g3 Nf6 3.Bg2 c6 4.O-O Bf5 5.d3 e6 6.Nbd2 h6 7.c4 Be7 8.Rb1 a5
9.b3 O-O 10.Nd4 Bh7 11.N2f3 e5 12.Nxe5 dxc4 13.Bb2 cxd3 14.Nxd3 Na6 15.a3 Nc5
16.Nxc5 Bxc5 17.Rc1 Qb6 18.Rc4 Rad8 19.Qa1 Rfe8 20.Rfc1 Bf8 21.e3 Ne4 22.Qa2 c5
23.Nf3 Nd2 24.Nxd2 Rxd2 25.e4 a4 26.Qb1 Qxb3 27.Bc3 Qxc4 28.Bxd2 Qe2 29.Be3 Rd8
30.Bf1 Qf3 31.Bg2 Qg4 32.Qxb7 Rd1+ 33.Rxd1 Qxd1+ 34.Bf1 Qc2 35.f3 Qc3 36.Kf2 Qxa3
37.Bc4 Bg6 38.h4 Qc3 39.Qd5 a3 40.g4 h5 41.gxh5 Bxh5 42.Bd2 Qc2 43.Kg3 Bg6
44.Bb3 Qb2 45.Ba2 Qf6 46.h5 Bh7 47.Bg5 Qd6+ 48.Bf4 Qe7 49.Bc1 Qc7+ 50.Kg2 g6
51.Bxa3 Qe7 52.Bc1 gxh5 53.Qxh5 Qf6 54.Qd5 Bg6 55.Be3 Qb2+ 56.Kg3 Qc3 57.Bf2 Qg7
58.Kf4 Qh6+ 59.Kg4 Bd6 60.Qg5 Qxg5+ 61.Kxg5 Kg7 62.Bd5 f6+ 63.Kg4 Be8 64.Kf5 Bh5
65.Bh4 Be5  1/2-1/2

[Event "Belgrade-A"]
[Site "Belgrade"]
[Date "1990.??.??"]
[Round "7"]
[White "Nikolic, Sinisa"]
[Black "Ziatdinov, Raset"]
[Result "0-1"]
[WhiteElo "2310"]
[BlackElo "2440"]

1.Nf3 d5 2.g3 Nd7 3.Bg2 e5 4.d3 Ngf6 5.O-O Bd6 6.Nc3 O-O 7.e4 c6 8.Nh4 dxe4
9.dxe4 Nb6 10.Qe2 Bc5 11.Nf5 Bxf5 12.exf5 Qc7 13.Bg5 Nbd7 14.g4 Bd4 15.Bd2 Rfe8
16.g5 Bxc3 17.bxc3 Nd5 18.Rfe1 Rad8 19.Rab1 Qc8 20.Bh3 f6 21.g6 h6 22.Qc4 b5
23.Qh4 N7b6 24.Re4 Qc7 25.Kh1 Nc4 26.Rxc4 bxc4 27.Qxc4 Kh8 28.Bg2 Nf4 29.Be3 Nxg2
30.Kxg2 e4 31.h3 Rd5 32.Qa6 Ra5 33.Rb7 Rxa6 34.Rxc7 Rxa2 35.Bxa7 Ra5 36.Be3 Rxf5
37.Rxc6 Rfe5 38.Kg3 R5e6 39.Rc7 f5 40.Kf4 Rxg6 41.Kxf5 Rf6+ 42.Kg4 Ref8 43.Re7 Rg6+
44.Kh4 Rg2 45.Rxe4 Rf3 46.Bd4 Kh7 47.Re7 Rf4+  0-1

[Event "Belgrade (Women)"]
[Site "Belgrade"]
[Date "1990.??.??"]
[Round "7"]
[White "Voiska, Margarita"]
[Black "Stanciu, Gabriela"]
[Result "1-0"]
[WhiteElo "2335"]
[BlackElo "2265"]

1.Nf3 d5 2.g3 Nf6 3.Bg2 c5 4.c4 e6 5.O-O Nc6 6.b3 Be7 7.Bb2 O-O 8.e3 a6 9.Qe2 b5
10.d3 Qc7 11.Nbd2 Rd8 12.Rac1 Bb7 13.cxd5 Nxd5 14.a3 Rac8 15.Ne4 Qb6 16.Ba1 Na5
17.Nfd2 f5 18.b4 fxe4 19.bxa5 Qxa5 20.Nxe4 Qb6 21.Qg4 Bf8 22.Ng5 Nc7 23.Bxb7 Qxb7
24.Qh5 h6 25.Qf7+ Kh8 26.Nxe6  1-0

[Event "Belgrade-A"]
[Site "Belgrade"]
[Date "1990.??.??"]
[Round "9"]
[White "Nikolic, Sinisa"]
[Black "Kirov, Nino"]
[Result "1-0"]
[WhiteElo "2310"]
[BlackElo "2445"]

1.Nf3 d5 2.g3 c5 3.Bg2 g6 4.O-O Bg7 5.d3 Nc6 6.Nbd2 e5 7.c3 Nge7 8.e4 O-O
9.Re1 h6 10.exd5 Nxd5 11.Nc4 Re8 12.a4 Nb6 13.Ne3 Na5 14.Rb1 Be6 15.b4 cxb4
16.cxb4 Nc6 17.b5 Nd4 18.a5 Nxf3+ 19.Qxf3 Qxd3 20.Qe4 Qc3 21.Qb4 Na4 22.Bxb7 Rab8
23.Bc6 Red8 24.Ba3 Bf8 25.Qxc3 Nxc3 26.Bxf8 Nxb1 27.Be7 Rdc8 28.Bd6 Nd2 29.Bxb8 Rxb8
30.a6 Rb6 31.Rd1 Nb3 32.Rd8+ Kg7 33.Nd5 Bxd5 34.Bxd5 Nc5 35.Bc4 Ne4 36.Rd7 Nd6
37.Bxf7 Nxf7 38.Rb7 Rd6 39.Rxa7 e4 40.Rxf7+ Kxf7 41.a7 Rd1+ 42.Kg2 Ra1 43.b6 Ra2  1-0

[Event "Benasque op"]
[Site "Benasque"]
[Date "1990.??.??"]
[Round "?"]
[White "Todorcevic, Miodrag"]
[Black "Braga, Fernando"]
[Result "1-0"]
[WhiteElo "2550"]
[BlackElo "2480"]

1.Nf3 d5 2.g3 g6 3.Bg2 Bg7 4.d4 Nc6 5.c4 Bg4 6.cxd5 Qxd5 7.Nc3 Qc4 8.d5 Bxf3
9.Bxf3 Bxc3+ 10.bxc3 Ne5 11.Bg2 Qxc3+ 12.Bd2 Qd4 13.Qc1 Ng4 14.O-O Qe5 15.h3 N4f6
16.Bf4 Qf5 17.Qxc7 Qd7 18.Rfc1 Rd8 19.Qe5 h6 20.Qb2 b6 21.Rc7 Qa4 22.d6  1-0

[Event "Bern zt"]
[Site "Bern"]
[Date "1990.??.??"]
[Round "2"]
[White "Hug, Werner"]
[Black "Lev, Ronen"]
[Result "1/2-1/2"]
[WhiteElo "2445"]
[BlackElo "2390"]

1.Nf3 d5 2.g3 Nf6 3.Bg2 c6 4.c4 dxc4 5.Qc2 Be6 6.Ng5 Bd5 7.e4 h6 8.Nh3 Be6
9.Nf4 Bc8 10.Qxc4 e5 11.Nd3 Nbd7 12.Qc3 Bd6 13.Na3 O-O 14.O-O Re8 15.Nc4 Bc7
16.b4 Nb6 17.Ndb2 Nfd7 18.d3 c5 19.a3 Nxc4  1/2-1/2

[Event "Bern zt"]
[Site "Bern"]
[Date "1990.??.??"]
[Round "2"]
[White "Fauland, Alexander"]
[Black "Soffer, Ram"]
[Result "1-0"]
[WhiteElo "2480"]
[BlackElo "2440"]

1.Nf3 d5 2.g3 c6 3.b3 Bg4 4.Bb2 Nd7 5.Bg2 Ngf6 6.O-O e6 7.d3 a5 8.Nbd2 a4
9.e4 a3 10.Bc3 dxe4 11.dxe4 Qc7 12.h3 Bxf3 13.Qxf3 e5 14.g4 h6 15.Qg3 b5
16.Rad1 Bc5 17.Rfe1 O-O-O 18.b4 Bd6 19.Nb1 Kb7 20.Nxa3 Ra8 21.Bd2 Ra4 22.Qb3 Rha8
23.Nb1 Nb6 24.a3 Nc4 25.Bc1 Nd7 26.Qf3 Ndb6 27.Rd3 Rf8 28.Red1 Raa8 29.Bf1 Be7
30.Nd2 Nxd2 31.Bxd2 Rad8 32.Bc3 Bf6 33.Qf5 Rxd3 34.Rxd3 Qe7 35.Rd1 g6 36.Qf3 Bg5
37.Be1 Bf4 38.Qb3 Ra8 39.Qc3 h5 40.Qc5 Qc7 41.c4 Na4 42.Qd6 Nb2 43.cxb5 Nxd1
44.bxc6+ Qxc6 45.Qxd1 hxg4 46.b5 Qe6 47.Bb4 g3 48.fxg3 Be3+ 49.Kg2 Bd4 50.Be2 Qa2
51.Kf3 g5 52.Qd3 g4+ 53.hxg4 Qa1 54.Bf1 Qa2 55.g5 Qf2+ 56.Kg4 Rc8 57.b6 Bxb6
58.Bd6 Rc2 59.Bxe5 Qc5 60.Qa6+ Kc6 61.Qc8+  1-0

[Event "Bern op"]
[Site "Bern"]
[Date "1990.??.??"]
[Round "8"]
[White "Hoelzl, Franz"]
[Black "Shvidler, Eliahu"]
[Result "1-0"]
[WhiteElo "2390"]
[BlackElo "2400"]

1.g3 d5 2.Nf3 Nf6 3.Bg2 c6 4.d3 Bg4 5.Nbd2 Nbd7 6.e4 dxe4 7.dxe4 e5 8.Qe2 Bc5
9.Nc4 O-O 10.Bd2 Re8 11.O-O-O b5 12.Na5 Qb6 13.Kb1 Qc7 14.h3 Bxf3 15.Bxf3 Bb6
16.Nb3 a5 17.Bg4 a4 18.Nc1 Nc5 19.f3 a3 20.b3 h5 21.Bg5 hxg4 22.hxg4 Ne6
23.Bxf6 gxf6 24.Rh6 Kg7 25.Rdh1 Rh8 26.Qh2 Qd8 27.Nd3 Be3 28.f4 Nc5 29.g5 exf4
30.gxf6+ Qxf6 31.Rxh8 Qg5 32.Rxa8  1-0

[Event "Bern op"]
[Site "Bern"]
[Date "1990.??.??"]
[Round "9"]
[White "Landenbergue, Claude"]
[Black "Hoelzl, Franz"]
[Result "0-1"]
[WhiteElo "2385"]
[BlackElo "2390"]

1.Nf3 d5 2.g3 Nc6 3.d4 Bg4 4.Bg2 Qd7 5.h3 Bf5 6.c4 dxc4 7.Qa4 e5 8.dxe5 Nxe5
9.Qxd7+ Nxd7 10.Nc3 c6 11.Be3 Bb4 12.Rc1 Ngf6 13.O-O Nb6 14.Bd4 O-O 15.Bxf6 gxf6
16.Nd4 Be6 17.Ne4 f5 18.Nf6+ Kh8 19.Rfd1 Rfd8 20.h4 Rd6 21.e3 Rad8 22.Rf1 Bc5
23.Nf3 c3 24.b3 Ba3 25.Rc2 Bb2 26.Nh5 Nd5 27.Rb1 f4 28.gxf4 Nb4 29.Rbxb2 cxb2
30.Rxb2 Bg4 31.Ng3 Bxf3 32.Bxf3 Rd2  0-1

[Event "Biel-B"]
[Site "Biel"]
[Date "1990.??.??"]
[Round "2"]
[White "D'Amore, Carlo"]
[Black "Costa, Jean Luc"]
[Result "1-0"]
[WhiteElo "2425"]
[BlackElo "2405"]

1.Nf3 d5 2.g3 c6 3.Bg2 Bg4 4.O-O Nd7 5.d3 e6 6.Nbd2 Bd6 7.e4 Ne7 8.exd5 cxd5
9.c4 O-O 10.cxd5 Nxd5 11.Nc4 Ne5 12.Ncxe5 Bxe5 13.Qb3 Bf6 14.Qxb7 Qd6 15.Qb3 Rab8
16.Qa4 Qb4 17.Qxb4 Nxb4 18.Bf4 Rbd8 19.d4 Bxf3 20.Bxf3 Bxd4 21.Rad1 Nxa2
22.Bc7 Rd7 23.Ba5 Rb8 24.Bc6 Rd6 25.Bc7 Rbd8 26.Bxd8 Rxd8 27.Rd2 e5 28.Kg2 Nb4
29.Bb7 g6 30.Rc1 Rd7 31.Bc8 Re7 32.b3 Kg7 33.Kg1 h5 34.h4 a5 35.Rc4 Ba7 36.Rd6 Bd4
37.Rd7 Re6 38.Rdxd4 exd4 39.Bxe6  1-0

[Event "Biel op (Women)"]
[Site "Biel"]
[Date "1990.??.??"]
[Round "5"]
[White "Foisor, Cristina Adela B"]
[Black "Maric, Mirjana"]
[Result "1-0"]
[WhiteElo "2330"]
[BlackElo "2245"]

1.Nf3 d5 2.g3 c5 3.Bg2 Nc6 4.O-O e5 5.c4 Nf6 6.cxd5 Nxd5 7.Nc3 Be6 8.d3 Be7
9.Bd2 O-O 10.Nxd5 Bxd5 11.Bc3 Qd6 12.a4 h6 13.Nd2 Bxg2 14.Kxg2 Qd5+ 15.Kg1 Rac8
16.Qb3 Qxb3 17.Nxb3 Nd4 18.Bxd4 cxd4 19.Rfc1 Bg5 20.Rxc8 Rxc8 21.h4 Be7 22.Rc1 Rxc1+
23.Nxc1 f5 24.Nb3 b6 25.Kg2 Kf7 26.h5 Bb4 27.f4 Ke6 28.Kf3 Kd5 29.fxe5 Kxe5
30.g4 f4 31.Na1 Bd2 32.Nc2 Bc1 33.Na3 Kd5 34.Nb5 a5 35.Nc7+ Kc6 36.Ne6 Bxb2
37.Nxg7 Ba3 38.Nf5 Bf8 39.Nxd4+ Kd5 40.Nb5 Kc5 41.Ke4 Bg7 42.d4+ Kc4 43.d5 Bf6
44.d6 Bg5 45.Ke5 Kb4 46.Kd5 Kxa4 47.Kc4 Bd8 48.d7 Bg5 49.Nc3+ Ka3 50.Ne4 Be7
51.g5 hxg5 52.h6  1-0

[Event "Biel-B"]
[Site "Biel"]
[Date "1990.??.??"]
[Round "9"]
[White "Landenbergue, Claude"]
[Black "Ioseliani, Nana"]
[Result "1/2-1/2"]
[WhiteElo "2380"]
[BlackElo "2480"]

1.Nf3 d5 2.g3 Nf6 3.Bg2 e6 4.O-O Be7 5.b3 O-O 6.c4 a5 7.Bb2 a4 8.Na3 c6 9.Qc1 Na6
10.d3 Bd6 11.Nc2 Qe7 12.Be5 Bxe5 13.Nxe5 Nd7 14.Nxd7 Bxd7 15.b4 b5 16.a3 Rac8
17.c5 e5 18.e4 dxe4 19.dxe4 Nc7 20.Qb2 Rcd8 21.Ne3 g6 22.Rad1 Bc8 23.Rfe1 f6
24.f4 exf4 25.gxf4 Ne6 26.Rxd8 Qxd8 27.Rd1 Qe7 28.Qa2 Kg7 29.Qf2 Rd8 30.Re1 Qc7
31.Rf1 Rd3 32.f5 Nf4 33.Qxf4 Qxf4 34.Rxf4 Rxe3 35.Rf3 Rb3 36.Kf2 Rb2+ 37.Kg3 Rd2
38.h4 Kf7 39.Re3 Rd4 40.Bf3 Bd7 41.Re1 Ke7 42.Rd1 Rc4 43.Rd3 gxf5 44.exf5 Bxf5
45.Rd6 Rc3 46.Kf2 Bd7 47.Bxc6 Bxc6 48.Rxc6 Rxa3 49.Rb6 Ra1 50.Rxb5 a3 51.Ra5 a2
52.Kg2 f5 53.b5 f4  1/2-1/2

[Event "Biel op"]
[Site "Biel"]
[Date "1990.??.??"]
[Round "10"]
[White "Vukic, Milan"]
[Black "Timmer, Robert"]
[Result "1-0"]
[WhiteElo "2485"]
[BlackElo "2280"]

1.Nf3 d5 2.g3 c6 3.Bg2 Bg4 4.b3 Nd7 5.Bb2 e6 6.O-O Ngf6 7.d3 Bd6 8.Nbd2 O-O
9.e4 dxe4 10.dxe4 Be5 11.c3 Bc7 12.Qc2 Bxf3 13.Nxf3 Qe7 14.Rfe1 e5 15.Rad1 Rfd8
16.Nh4 g6 17.Bc1 Nf8 18.Bh3 Ne6 19.Nf3 Nd7 20.Re2 Ndf8 21.Red2 Rxd2 22.Rxd2 Rd8
23.Rxd8 Qxd8 24.Be3 a6 25.Kf1 f6 26.Ke2 Kf7 27.b4 Ke7 28.Qb3 Qd6 29.Ne1 c5
30.Nd3 cxb4 31.Nxb4 b5 32.Qd5 Ke8 33.Qa8+  1-0

[Event "Biel-B"]
[Site "Biel"]
[Date "1990.??.??"]
[Round "11"]
[White "Spraggett, Kevin"]
[Black "Ioseliani, Nana"]
[Result "1/2-1/2"]
[WhiteElo "2540"]
[BlackElo "2480"]

1.g3 d5 2.Nf3 Nf6 3.Bg2 e6 4.O-O Be7 5.b3 b6 6.Bb2 Nbd7 7.c4 Bb7 8.d3 O-O
9.Nc3 c5 10.e3 Rc8 11.Qe2 Qc7 12.Rfd1  1/2-1/2

[Event "Bielsko Biala op"]
[Site "Bielsko Biala"]
[Date "1990.??.??"]
[Round "8"]
[White "Zolnierowicz, Krzysztof"]
[Black "Sapis, Witalis"]
[Result "1/2-1/2"]
[WhiteElo "2400"]
[BlackElo "2380"]

1.Nf3 d5 2.g3 Nf6 3.Bg2 c6 4.O-O Bf5 5.d3 h6 6.Nbd2 e6 7.Qe1 Bh7 8.e4 Be7
9.Qe2 O-O 10.b3 a5 11.a4 Na6 12.e5 Nd7 13.Re1 Nb4 14.Nf1 c5 15.Ne3  1/2-1/2

[Event "Blackpool zt"]
[Site "Blackpool"]
[Date "1990.??.??"]
[Round "?"]
[White "McNab, Colin Anderson"]
[Black "Motwani, Paul"]
[Result "0-1"]
[WhiteElo "2390"]
[BlackElo "2470"]

1.Nf3 d5 2.g3 c6 3.Bg2 Bg4 4.d3 Nd7 5.h3 Bh5 6.O-O e6 7.Qe1 Bd6 8.e4 Ne7
9.Nbd2 O-O 10.a4 Qc7 11.d4 f6 12.b3 Rae8 13.Bb2 Bb4 14.c3 Bd6 15.Rc1 e5 16.c4 exd4
17.Nxd4 Nc5 18.Qe3 Qd7 19.Rfe1 Bg6 20.cxd5 Nxd5 21.Qf3 Nb4 22.Re3 Be5 23.Nc4 Bxd4
24.Bxd4 Qxd4 25.Rd1 Ncd3 26.Rdxd3 Nxd3 27.Rxd3 Qxe4 28.Qxe4 Bxe4 29.Bxe4 Rxe4
30.Rd7 b5 31.axb5 cxb5 32.Nd6 Rd4 33.Rxg7+ Kxg7 34.Nf5+ Kf7 35.Nxd4 a6 36.Nc6 Ke6
37.Kg2  0-1

[Event "CSR-ch"]
[Site "Brno"]
[Date "1990.??.??"]
[Round "10"]
[White "Gross, Stefan"]
[Black "Petran, Peter"]
[Result "1/2-1/2"]
[WhiteElo "2420"]
[BlackElo "2385"]

1.g3 d5 2.Nf3 c6 3.Bg2 Nf6 4.O-O Bf5 5.b3 h6 6.Bb2 Nbd7 7.c4 e6 8.d3 Be7
9.Nbd2 O-O 10.Qc2 Bh7 11.a3 a5 12.Rac1 Qb6 13.Qb1 Rfc8 14.Rc2 Qa7 15.Qa1 b5  1/2-1/2

[Event "Spring op"]
[Site "Budapest"]
[Date "1990.??.??"]
[Round "1"]
[White "Bilek, Istvan"]
[Black "Bali, Janos"]
[Result "1/2-1/2"]
[WhiteElo "2395"]
[BlackElo "2200"]

1.Nf3 d5 2.g3 Nf6 3.Bg2 Bf5 4.c4 c6 5.Qb3 Qb6 6.Qxb6 axb6 7.cxd5 Bxb1 8.Rxb1 cxd5
9.a3 Nc6 10.d3 e6 11.O-O Be7 12.Re1 O-O 13.e4 Rfd8 14.e5 Nd7 15.b4 b5 16.Rb3 Nf8
17.Bf1 g6  1/2-1/2

[Event "Budapest"]
[Site "Budapest"]
[Date "1990.??.??"]
[Round "2"]
[White "Loginov, Valery A"]
[Black "Sulava, Nenad"]
[Result "1-0"]
[WhiteElo "2505"]
[BlackElo "2425"]

1.Nf3 d5 2.g3 c6 3.Bg2 Bg4 4.h3 Bxf3 5.Bxf3 Nd7 6.d3 h5 7.h4 Ne5 8.Bg2 Ng4
9.Nd2 e6 10.e3 Bd6 11.Qe2 Qc7 12.Nf3 Ne7 13.Bd2 a5 14.O-O-O b5 15.Bh3 b4
16.Kb1 a4 17.c4 Nf6 18.e4 dxe4 19.dxe4 e5 20.Bg5 c5 21.Bxf6 gxf6 22.Ne1 Nc6
23.Ng2 Nd4 24.Qd3 Bf8 25.Ne3 Rd8 26.Nd5 Rxd5 27.exd5 Bd6 28.Qe4 Kd8 29.g4 Qc8
30.gxh5 Qa6 31.Rc1 Rxh5 32.Qg4 Rf5 33.Qg8+ Ke7 34.Bxf5 Nxf5 35.h5 b3 36.a3 Qa5
37.Rc3 Nd4 38.h6 Nc2 39.Rhh3 e4 40.h7 Be5  1-0

[Event "Budapest"]
[Site "Budapest"]
[Date "1990.??.??"]
[Round "5"]
[White "Loginov, Valery A"]
[Black "Horvath, Csaba"]
[Result "1-0"]
[WhiteElo "2505"]
[BlackElo "2460"]

1.Nf3 d5 2.g3 c6 3.Bg2 Bg4 4.d3 Nf6 5.Nbd2 Nbd7 6.h3 Bxf3 7.Nxf3 e5 8.O-O Bc5
9.Nxe5 Nxe5 10.d4 Bd6 11.dxe5 Bxe5 12.Qd3 O-O 13.c4 dxc4 14.Qxc4 Re8 15.Rb1 a5
16.e4 Bd4 17.Re1 Qb6 18.Be3 Rad8 19.Qc2 Bxe3 20.Rxe3 Nd7 21.Rbe1 f6 22.Kh2 Re7
23.f4 Rde8 24.h4 Kh8 25.R1e2 Nf8 26.e5 Qc7 27.Qc5 Nd7 28.exf6 Rxe3 29.Rxe3 Rxe3
30.f7 Qd8 31.Qxe3 Nf6 32.Qc5  1-0

[Event "Elekes mem"]
[Site "Budapest"]
[Date "1990.??.??"]
[Round "5"]
[White "Schmittdiel, Eckhard"]
[Black "Lukacs, Peter"]
[Result "1/2-1/2"]
[WhiteElo "2455"]
[BlackElo "2505"]

1.Nf3 d5 2.g3 Nf6 3.Bg2 c6 4.b3 Bg4 5.Bb2 Nbd7 6.d4 e6 7.Nbd2 Bd6 8.O-O O-O
9.c4 Qe7 10.Ne5 Bh5 11.Ndf3 Ba3 12.Bxa3 Qxa3 13.Qc2  1/2-1/2

[Event "Spring op"]
[Site "Budapest"]
[Date "1990.??.??"]
[Round "6"]
[White "Loginov, Valery A"]
[Black "Unrath, Heiko"]
[Result "1-0"]
[WhiteElo "2505"]
[BlackElo "2355"]

1.Nf3 d5 2.g3 c5 3.Bg2 Nc6 4.d4 e6 5.O-O Nf6 6.c4 Be7 7.cxd5 exd5 8.Nc3 O-O
9.Bg5 Be6 10.dxc5 h6 11.Bxf6 Bxf6 12.Na4 Qd7 13.Rc1 d4 14.b3 Rad8 15.Ne1 Nb4
16.Nd3 Nxa2 17.Ra1 Nc3 18.Nxc3 dxc3 19.Rxa7 Bd5 20.Bxd5 Qxd5 21.Qc2 Ra8 22.Rfa1 Rxa7
23.Rxa7 Re8 24.b4 Qe4 25.Ra2 h5 26.h4 Bxh4 27.Qxc3 Bxg3 28.fxg3 Qe3+ 29.Kh2 h4
30.Qe1 Re4 31.gxh4 Qd4 32.Ra8+ Kh7 33.Qf2 Rxh4+ 34.Kg2 Qg4+ 35.Qg3 Qxe2+
36.Nf2 Qh5 37.Qd3+ g6 38.Qc3 Qg5+ 39.Kf1 f6 40.Qe1 Qf4 41.Qe7+ Kh6 42.Rh8+ Kg5
43.Rxh4 Qxh4 44.Qxb7 Qc4+ 45.Kg1 f5 46.c6 Kh4 47.Qe7+  1-0

[Event "Spring op"]
[Site "Budapest"]
[Date "1990.??.??"]
[Round "7"]
[White "Horvath, Gyula"]
[Black "Bogdanovich, Grigory"]
[Result "0-1"]
[WhiteElo "2440"]
[BlackElo "2325"]

1.Nf3 d5 2.g3 Nf6 3.Bg2 c6 4.O-O Nbd7 5.d3 e5 6.Nc3 d4 7.Nb1 Bd6 8.c3 dxc3
9.bxc3 O-O 10.Nbd2 Re8 11.Qc2 Qc7 12.a4 b6 13.Re1 Ba6 14.Nh4 Rad8 15.Bb2 Bf8
16.a5 b5 17.d4 c5 18.d5 c4 19.Ba3 Bxa3 20.Rxa3 Qc5 21.Raa1 Nxd5 22.Ne4 Qc7
23.Nf5 N7f6 24.Ng5 h6 25.Nf3 Nd7 26.Qe4 N7f6 27.Qh4 Nxc3 28.Nxh6+ gxh6 29.Qxf6 Rd6
30.Qh4 e4 31.Bh3 exf3 32.exf3 Qc6 33.Bf5 Bb7 34.Qg4+ Kf8 35.Kg2 Rxe1 36.Rxe1 Rf6
37.Re3 Nd5 38.Re5 Ne7 39.Be4 Qc7 40.Rxb5 Bxe4 41.Qxe4 Ng6 42.Rb4 Rc6 43.a6 c3
44.Rb1 c2 45.Rc1 Rc4 46.Qa8+ Kg7 47.h4 Ne5 48.Qd5 f6 49.Qb7 Nd3  0-1

[Event "Spring op"]
[Site "Budapest"]
[Date "1990.??.??"]
[Round "8"]
[White "Loginov, Valery A"]
[Black "Sherzer, Alex"]
[Result "1-0"]
[WhiteElo "2505"]
[BlackElo "2440"]

1.Nf3 d5 2.g3 Nf6 3.Bg2 Bf5 4.c4 c6 5.cxd5 cxd5 6.Qb3 Qb6 7.Qxb6 axb6 8.Nc3 Nc6
9.d3 e6 10.O-O Bc5 11.Nb5 O-O 12.Bf4 h6 13.Rfc1 Rfc8 14.a3 Ne8 15.b4 Be7
16.Be3 Bd8 17.Nfd4 Bg6 18.f4 Bf6 19.Rab1 Nxd4 20.Bxd4 Bxd4+ 21.Nxd4 Nd6 22.Rxc8+ Rxc8
23.Kf2 Rc3 24.Ra1 Kf8 25.Ke1 Ke7 26.Kd2 Rc8 27.a4 Ra8 28.a5 bxa5 29.bxa5 Ra6
30.Kc3 b6 31.Kb4 bxa5+ 32.Rxa5 Rxa5 33.Kxa5 f6 34.Bh3 Bf7 35.Kb6 g5 36.Bg2 gxf4
37.gxf4 Ne8 38.Bf3 Ng7 39.Kc5 Kd7 40.Bg4 Ke7 41.f5 e5 42.Nc6+ Ke8 43.e3 Kf8
44.Nb4 Ke7 45.Nxd5+ Bxd5 46.Kxd5 Ne8 47.Kc6 Nd6 48.e4 Nf7 49.h4 Nd6 50.Bd1 Nf7
51.Bb3 Nd6  1-0

[Event "Budapest"]
[Site "Budapest"]
[Date "1990.??.??"]
[Round "9"]
[White "Loginov, Valery A"]
[Black "Lukacs, Peter"]
[Result "1/2-1/2"]
[WhiteElo "2505"]
[BlackElo "2505"]

1.Nf3 d5 2.g3 c6 3.Bg2 Nf6 4.O-O Bg4 5.h3 Bh5 6.d3 e6 7.Nbd2 Be7 8.e4 O-O
9.Qe1 Nbd7 10.Kh1 Ne8 11.Nh2 dxe4 12.dxe4 e5 13.Ng4 Nd6 14.a4 Qa5 15.Qe2 Kh8
16.b3 Nc5 17.Bb2 Ne6 18.Bf3 Bxg4 19.hxg4 f6 20.c3 Rad8 21.Kg2 Nf7 22.Nc4 Qc7
23.b4 Nfg5 24.Rh1 Rd7 25.Rad1 Rfd8 26.Rxd7 Qxd7 27.Qe3 Nxf3 28.Qxf3 Ng5 29.Qe2 b5
30.axb5 cxb5 31.Na5 Qd3 32.Re1 Qd7 33.Bc1 Nf7 34.Be3 a6 35.f3 Qc7 36.Rc1 h6
37.Nb3 Nd6 38.Nc5 Qc8 39.Rd1 Nc4 40.Rxd8+ Bxd8 41.Bf2 a5 42.bxa5 Bxa5 43.Qd3 Bb6
44.Qd5 Bxc5 45.Bxc5 Qa6 46.Qd7 Qa2+ 47.Kh3 Qe2  1/2-1/2

[Event "Budapest"]
[Site "Budapest"]
[Date "1990.??.??"]
[Round "11"]
[White "Loginov, Valery A"]
[Black "Kuporosov, Viktor"]
[Result "1-0"]
[WhiteElo "2505"]
[BlackElo "2445"]

1.Nf3 d5 2.g3 g6 3.Bg2 Bg7 4.O-O Nf6 5.c4 c6 6.d4 O-O 7.Qb3 dxc4 8.Qxc4 Na6
9.Nc3 Be6 10.Qa4 Nd5 11.Rd1 Rc8 12.Bg5 h6 13.Bd2 Nb6 14.Qc2 Nc4 15.Be1 Qd7
16.Na4 Qc7 17.Rac1 Rfd8 18.b3 Nd6 19.e3 Bd5 20.Nc3 Bxf3 21.Bxf3 Nf5 22.Qe2 e6
23.Bg2 Qe7 24.Na4 Nb8 25.Nc5 Nd6 26.Bb4 Qc7 27.Bh3 Nf5 28.Be1 Qe7 29.Rd2 Rc7
30.Rdc2 Rdc8 31.Bb4 Qd8 32.Ne4 Bf8 33.Bxf8 Kxf8 34.Qf3 Kg7 35.Qf4 Qe7 36.b4 Na6
37.a3 f6 38.Bf1 Nb8 39.Bc4 Nd7 40.Bb3 e5 41.dxe5 fxe5 42.Qf3 Nd6 43.Nxd6 Qxd6
44.Qf7+ Kh8 45.Be6 g5 46.Qg6 Nb6 47.h4 Rg7 48.Qxh6+ Rh7 49.Qf6+ Rg7 50.Qh6+ Rh7
51.Qf6+ Rg7 52.hxg5 Rf8 53.Rd2 Rxf6 54.Rxd6 Rxg5 55.Rd8+ Kg7 56.Rg8+ Kh6
57.Rxg5 Kxg5 58.f4+ exf4 59.exf4+ Kg6 60.Re1 Na4 61.Kg2 Nc3 62.Bc4  1-0

[Event "Buenos Aires op"]
[Site "Buenos Aires"]
[Date "1990.??.??"]
[Round "3"]
[White "Giardelli, Sergio C"]
[Black "Juarez, Alberto"]
[Result "1-0"]
[WhiteElo "2450"]
[BlackElo "2260"]

1.Nf3 d5 2.g3 Bg4 3.Bg2 e6 4.O-O Nd7 5.b3 f5 6.Bb2 Ngf6 7.d3 Be7 8.Nbd2 Bh5
9.Qe1 O-O 10.Nd4 Bf7 11.e4 fxe4 12.dxe4 e5 13.Nf5 d4 14.Qe2 a6 15.f4 Bh5
16.Nf3 Bc5 17.Qc4+ Kh8 18.Nxe5 b5 19.Qe6 d3+ 20.Kh1 Nxe5 21.Qxe5 d2 22.Nxg7 d1=Q
23.Raxd1 Bxd1 24.Ne6 Qd2 25.Nxf8 Rxf8 26.Qxc5 Kg8 27.Qg5+  1-0

[Event "Buenos Aires"]
[Site "Buenos Aires"]
[Date "1990.??.??"]
[Round "13"]
[White "Quinteros, Miguel A"]
[Black "Adla, Diego"]
[Result "0-1"]
[WhiteElo "2500"]
[BlackElo "2335"]

1.Nf3 d5 2.g3 Nc6 3.Bg2 e5 4.O-O Nf6 5.c4 dxc4 6.Qa4 Bd6 7.Na3 O-O 8.Nxc4 e4
9.Ng5 Nd4 10.Nxe4 b5 11.Qd1 bxc4 12.Nxf6+ Qxf6 13.Bxa8 c6 14.Kg2 Qf5 15.d3 Qh3+
16.Kg1 Bg4 17.Re1 Bxe2  0-1

[Event "Cannes op2"]
[Site "Cannes"]
[Date "1990.??.??"]
[Round "?"]
[White "Anic, Darko"]
[Black "Lukasiewicz, Grzegorz"]
[Result "1-0"]
[WhiteElo "2405"]
[BlackElo "2320"]

1.Nf3 d5 2.g3 c6 3.Bg2 Bf5 4.b3 e6 5.Bb2 h6 6.O-O Nf6 7.d3 Be7 8.Nbd2 O-O
9.c4 Bh7 10.a3 a5 11.Qc2 Nbd7 12.Bc3 Bd6 13.Qb2 Qe7 14.e4 e5 15.exd5 cxd5
16.Rfe1 Rfe8 17.d4 e4 18.Nf1 Ng4 19.N3d2 f5 20.f3 Ngf6 21.fxe4 dxe4 22.Ne3 f4
23.gxf4 Bxf4 24.Ndf1 Nh5 25.Qe2 Qg5 26.Qg4 Ndf6 27.Qxg5 Bxg5 28.b4 Bh4 29.Red1 Nf4
30.Kh1 Nd3 31.Rdb1 axb4 32.axb4 Nh5 33.Nd5 e3 34.Nfxe3 Nf2+ 35.Kg1 Bxb1 36.Rxb1 Nd3
37.Nf5 Nhf4 38.Nxh4 Ne2+ 39.Kf1 Ra2 40.Nf3 Nxc3 41.Nxc3 Rc2 42.Nd5 Ree2 43.Bh1 g5
44.c5 Kg7 45.Rd1 Nf2 46.Re1 Rxe1+ 47.Nxe1 Rb2 48.Bf3 g4 49.Be2 Ne4 50.Bxg4 Rxh2
51.Nf3 Rb2 52.Ke1 h5 53.Bc8 Rb1+ 54.Ke2 Rb3 55.Nh4 Kh6 56.Bxb7 Ng3+ 57.Kd2 Kg5
58.Kc2 Ra3 59.c6 Ne4 60.c7 Nd6 61.Ne7 Ra7 62.Nf3+ Kf4 63.Bc6 Kg4 64.Ne5+ Kh3
65.c8=Q+  1-0